000 00370nam a2200121 4500
999 _c15189
_d15189
008 200305b ||||| |||| 00| 0 eng d
100 _941954
_aRevita, Juliet C.
_eAuthor.
245 _aLacking sanitation/
_cJuliet C. Revita.
260 _aDavao City, Philippines;
_bSunstar Davao,
_c©2019.
300 _apage B3;
_c29.5cm.
650 _aHygiene.
_941956
942 _2ddc
_cPER